1922 1153 1646 1246 1538 1402 1448 1146 1058 1015 1743 1789 1717 1650 1125 1519 1973 1912 1592 1330 1346 1222 1340 1780 1145 1829 1832 1781 1726 1158 1913 1897 1349 1504 1967 1070 1566 1107 1661 1304 1682 1695 1750 1062 1906 1327 1899 1703 1032 1189 1040 1311 1553 1513 1305 1019 1951 1501 1189 1176 1786 1912 1727 1933 1822 1758 1381 1469 1488 1147 1799 1781 1882 1449 1846 1165 1128 1315 1692 1614 1368 1375 1441 1684 1826 1722 1999 1373 1784 1952 1448 1260 1194 1432 1822 1399 1418 1941 1619 BCNSPRNW ULIB Ver.6.0+V

เปลี่ยนเป็นภาษาไทย

Change to English
 แสดงรายละเอียดบรรณานุกรม
  กลับหน้าหลัก

Brief Record : Get Marc (ISO 2709) : E-mail record : QR code < ปิดหน้าต่าง
LEADER : 00000nam 2200000uu 4500
001    13399115021
003     ULIB
008    020711s2552 th a 000 0 tha d
020    ^a9789742127909
099    ^aรส.^bช521พ
100    ^aJohann Wolfgang von Goethe
245    ^aพ่อมดมือใหม่จอมป่วน /^cJohann Wolfgang von Goethe
260    ^aกรุงเทพฯ :^bซีเอ็ด,^c2552
300    70 หน้า
500    ชุดอ่านอังกฤษ เก่งอังกฤษ
501    Stage 1
945    ^p79^l0^i028958
999 ^a ทศพร
รายการนี้ยังไม่มีแท็ก
คุณยังไม่ได้ล็อกอิน คุณสามารถมีกิจกรรมร่วมกับเว็บไซต์ได้ แต่ต้องล็อกอินก่อน ::
  ล็อกอิน

รายการสื่อสารสนเทศ

ลำดับที่ ประเภท เลขเรียก/บาร์โค้ด สถานที่ สถานะ
1. นวนิยาย
นวนิยาย
รส. ช521พ ฉ.1 
  Barcode: 028958
ห้องสมุดวิทยาเขตสวรรค์ประชารักษ์
►นวนิยาย
บนชั้น
  ขอยืม

BibComment


ยังไม่เคยถูกคอมเมนท์

คอมเมนท์ทรัพยากรรายการนี้
  คอมเมนท์: พ่อมดมือใหม่จอมป..


 Copyright 2026. Bcnsprnw @Library